000 00337nam a2200133Ia 4500
008 240624s9999 xx 000 0 und d
041 _aeng
082 _a150 BHA
100 _aBHANDULA PANKAJ
245 _aDISCOVER THE POWER OF EMOTIONS
260 _c2004
_aNew Delhi
_bMacmillan
300 _avi, : 106 : p. : cm. ; 25
365 _cRS
_b35
999 _c8128
_d8128